000 00422nam a22001457a 4500
999 _c10058
_d10058
003 GBCCL
005 20241126110724.0
008 240219b ||||| |||| 00| 0 eng d
040 _cGBC
082 _aSOU EBC
_b2023
245 _aEvangelical Baptist Convention Imphal division souvenir 2023 /
_cchief editor, M Khamkhanchin
260 _aNew Lamka :
_bEBC Imphal division,
_c2023
300 _a246p. ;
942 _2ddc
_cARCH